Derecho penal español: parte general
Bewaard in:
| Hoofdauteur: | |
|---|---|
| Formaat: | Boek |
| Taal: | Spaans |
| Gepubliceerd in: |
Madrid
Dykinson
1991
|
| Editie: | 14a. ed |
| Onderwerpen: | |
| Tags: |
Voeg label toe
Geen labels, Wees de eerste die dit record labelt!
|
MARC
| LEADER | 00000cam a2200000 a 4500 | ||
|---|---|---|---|
| 001 | UCD9438 | ||
| 003 | CL-VaPUC | ||
| 008 | 170626e19910000sp |||||||||||||||||spa|d | ||
| 082 | 0 | 4 | |a 345.46 |b ROD |2 21 |
| 100 | 0 | |a Rodríguez Devesa, José María |e author |9 593139 | |
| 245 | 1 | 0 | |a Derecho penal español: parte general |
| 250 | |a 14a. ed | ||
| 300 | |a 1071 p | ||
| 942 | |c BK | ||
| 945 | |d 20170626 01:10:00 |a cmena | ||
| 260 | |a Madrid |b Dykinson |c 1991 | ||
| 650 | 0 | |a Delitos |9 224143 | |
| 650 | 7 | |a DERECHO PENAL |2 CL-VaPUC |9 11 | |
| 650 | 0 | |a Derecho penal español |9 368528 | |
| 651 | 0 | |a España |9 254926 | |
| 583 | |a last modification |c 20170626 01:10:00 |k Rodrigo Vera | ||
| 999 | |c 368629 |d 368627 | ||
| 952 | |0 0 |1 0 |3 erd |4 0 |6 345_460000000000000_ROD_1991 |7 0 |8 A |9 483997 |a BIBDER |b BIBDER |i 2534797 |o 345.46 ROD 1991 |p 2534797 |r 2023-01-25 |w 2019-11-24 |y BK |z Catalogado en:20170626 |k DER | ||